00680nam a2200157 a 4500008004100000050002400041100001800065245013600083260006000219300002600279490004000305490001800345500001700363650007100380650007100451121022s1995 ||||||||||||||||| || u aPAPERS/STAFF/SIZIYA aSiziya, Seter10aPredictive factors for medical students and housemen to work in rural health institutions in Zimbabwecby Seter Siziya and G. Woelk aLusaka:bUniversity of Zambia, School of Medicinec1995 ap. 252 - p. 254: ill. aCentral African Journal of Medicine vVol.41. No. 8 aBibliography aMEDICAL STUDENTS--TRAINING OF--RURAL HEALTH INSTITUTIONS, ZIMBABWE aMEDICAL HOUSEMEN--TRAINING OF--RURAL HEALTH INSTITUTIONS, ZIMBABWE